| Tag |
First Indicator |
Second Indicator |
Subfields |
| LEADER |
00000cam a2200000 a 4500 |
| 001 |
in00001007478 |
| 005 |
20150927222225.0 |
| 008 |
910116s1990 txu s00010 eng d |
| 035 |
|
|
|a (OCoLC)22970295
|
| 035 |
|
|
|9 AFD9445AM
|
| 040 |
|
|
|a IKM
|c IKM
|d TXA
|d UtOrBLW
|
| 049 |
|
|
|a TXAO
|
| 086 |
|
|
|a D1200.8 R299c
|2 txdocs
|
| 110 |
1 |
|
|a Texas.
|b Comprehensive Plan Task Force.
|
| 245 |
1 |
0 |
|a Report of the Comprehensive Plan Task Force to the interagency coordinating team :
|b including recommendations for a comprehensive plan for community integrated employment and independent living for Texans with disabilities : developed in April 1990 /
|c project consultants, Donald St. Louis and Judy Emery.
|
| 264 |
|
1 |
|a [Austin] :
|b [Texas Planning Council for Developmental Disabilities],
|c [1990]
|
| 300 |
|
|
|a vii, 44 leaves ;
|c 22 x 28 cm.
|
| 336 |
|
|
|a text
|b txt
|2 rdacontent
|
| 337 |
|
|
|a unmediated
|b n
|2 rdamedia
|
| 338 |
|
|
|a volume
|b nc
|2 rdacarrier
|
| 650 |
|
0 |
|a Developmentally disabled
|x Employment
|z Texas.
|
| 650 |
|
0 |
|a People with disabilities
|x Employment
|z Texas.
|
| 650 |
|
0 |
|a Developmentally disabled
|x Services for
|z Texas.
|
| 650 |
|
0 |
|a People with disabilities
|x Services for
|z Texas.
|
| 650 |
|
0 |
|a Developmentally disabled
|x Education
|z Texas.
|
| 650 |
|
0 |
|a People with disabilities
|x Education
|z Texas.
|
| 650 |
|
0 |
|a Vocational rehabilitation
|z Texas.
|
| 700 |
1 |
|
|a St. Louis, Donald.
|
| 700 |
1 |
|
|a Emery, Judy.
|
| 710 |
2 |
|
|a Texas Planning Council for Developmental Disabilities.
|
| 740 |
0 |
|
|a Comprehensive plan for community integrated employment and independent living for Texans with disabilities.
|
| 999 |
|
|
|a MARS
|
| 999 |
f |
f |
|s c58708fe-bd0b-3757-b70b-86d4216bf8e7
|i 0e476a53-ee0f-3f9f-a2b6-bfea15bb63a0
|t 0
|
| 952 |
f |
f |
|p normal
|a Texas A&M University
|b College Station
|c Sterling C. Evans Library
|d Evans: Texas Documents (Annex 5th floor)
|t 0
|e D1200.8 R299c
|h Superintendent of Documents classification
|i unmediated -- volume
|m A14814780041
|
| 998 |
f |
f |
|a D1200.8 R299c
|t 0
|l Evans: Texas Documents (Annex 5th floor)
|